02293nam a2200253Ia 4500008004100000020001500041050001800056100006400074245010900138250001300247260003500260300002400295336001000319337001400329338001200343500017200355505127900527650002701806650003001833700004701863942000701910952010501917999001702022120625s2002 mx 001 0 spa d a9700714950 4aK10 bG3 20021 915761aGarcía Máynez, Eduardod, 1908-eautorq, autor.10aIntroducción al estudio del derecho c/ Eduardo García Máynez ; prólogo de Virgilio Domínguez. a54a. ed.3 aMéxico b: Porrúac, 2002. axxx, 444 páginas. aTexto aSin medio aVolumen aPlan flexible Administración / Introducción al derecho (04 000371) Incluye índice alfabetico de materias (pp.419-427) Incluye registro de nombres (pp. 431-434) 1 aPrimera parte: La noción del derecho Conceptos de norma y ley natural Moral y derecho El derecho y los convencionalismos sociales Perincipales acepciones de la palabra derecho Las fuentes formales del orden jurídico Clasificación de las normas jurídicas Derecho y Estado Segunda parte: Las disciplinas jurídicas Filosofía jurídica y teoría general del derecho La jurisprudencia técnica Derecho público y derecho privado Disciplinas jurídicas especiales y disciplinas jurídicas auxiliares Tercera parte: Los conceptos jurídicos fundamentales Principales teorías acerca del derecho subjetivo Clasificación de los derechos subjetivos El derecho de libertad El derecho de acción Derecho de petición y derechos políticos La noción del deber jurídico Concepto jurídico de persona Sanción y coacción Cuarta parte: La técnica jurídica Aplicación del derecho El concepto de interpretación El método exegetico Interpretación e integración, según Geny La escuela del derecho libre y las doctrinas de Rad-bruch y Kelsen La ley y las resoluciones judiciales Procedimientos de integración Reglas de interpretación e integración en el derecho mexicano Conflictos de leyes en el tiempo Conflictos de leyes en el espacio14aJURISPRUDENCIA 9332224aDERECHOxFILOSOFÍA92721 aDomínguez, Virgilioe, prólogo.922084 cLB 00104070a04b04d2007-04-13l2oK10 G3 2002p04 000371r2016-04-09s2016-04-02t1w2012-06-24yLB c61666d61666